000 00308nam a22001337a 4500
008 170928b xxu||||| |||| 00| 0 eng d
020 _a9780872075375
041 _aeng
080 _a37
100 _a47
101 _aEDU
245 _aINFORMATIONAL TEXT IN K-3 CLASSROOMS
_cKLETZIEN,SH.B
942 _2udc
_cBK
999 _c30508
_d30508